| 000 | 00440nam a2200181Ia 4500 | ||
|---|---|---|---|
| 005 | 20250603144918.0 | ||
| 008 | 250603s9999 xx 000 0 und d | ||
| 020 | _a9788120330559 | ||
| 050 | _aLB 1051 .M36/ | ||
| 100 | _aMangal, S.K. | ||
| 245 | 0 | _aEssentials of educational psychology | |
| 260 | _aNew Delhi | ||
| 260 | _bPHI Learning Private Limited | ||
| 260 | _c2018 | ||
| 300 | _a726 p | ||
| 650 | _aNew Delhi | ||
| 942 | _cBK | ||
| 999 |
_c40319 _d40319 |
||